| 000 | 00345 a2200109 4500 | ||
|---|---|---|---|
| 001 | ART_46019 | ||
| 005 | 20260410161731.0 | ||
| 008 | 260409a | ||
| 245 | 1 | 0 | _aLa investigación en contabilidad |
| 100 | 1 | _aYardin, Amaro Ramón | |
| 773 | 0 |
_tEscritos contables y de administración _g- Vol. 6, Nº 2 (jul./dic. 2015) _wREV2758 |
|
| 999 |
_c17833 _d17833 |
||